000 00463nam a2200145Ia 4500
008 240729s9999 xx 000 0 und d
022 _a1943-9946
245 4 _aThe ASIANetwork Exchange: A Journal for Asian Studies in the Liberal Arts
260 _aUnited Kingdom
260 _bOpen Library of Humanities
650 _aFine Arts | Language and Literature
856 _uhttps://doaj.org/toc/69f1f429a6334c22b7fa7fb32225b575
942 _2ddc
942 _cDOAJEJ
999 _c74723
_d74723
945 _a1
_bMadushi Gamage
_c1
_dMadushi Gamage